| 000 | 00779nam a22002057a 4500 | ||
|---|---|---|---|
| 999 |
_c19892 _d19892 |
||
| 003 | AR-CdUCM | ||
| 008 | 190523b ||||| |||| 00| 0 spa d | ||
| 040 |
_aMUNICIPALIDAD PROVINCIAL DEL CUSCO _cBIBLIOTECA MUNICIPAL DEL CUSCO |
||
| 082 |
_23ed _a628.173 / _bC822 |
||
| 100 |
_aCorona Rodriguez, Hortensia _941585 |
||
| 245 | _aManual de Aguas / | ||
| 260 |
_aMéxico : _bLimusa, _c1976. |
||
| 300 |
_a457 páginas ; _bIlustraciones, _c24 cm. |
||
| 505 | _aContenido: Fuentes y abastecimientos de agua -- Usos industriales del agua -- Efectos de la composición del agua sobre sus aplicaciones industriales... | ||
| 650 |
_aHidrográfica _941586 |
||
| 650 |
_aCalidad de agua _941587 |
||
| 650 |
_aIndustria del agua _941588 |
||
| 942 |
_2ddc _cLIBROS |
||
| 945 |
_adavv _d2019-05-23 |
||